00000000nam 2200000za 4500
0019.822256
003CaOODSP
00520250611103735
007cr |||||||||||
008160809s2011    onc|||||o    f|0| 0 ind d
040 |aCaOODSP|bfre
043 |an-cn---
0861 |aA15-11516/2011Ind-PDF|zA15-11516/2011Id-PDF
24501|a[Canneberge canadienne |h[ressource électronique] : |btrésor acidulé].
24613|aCranberry Kanada : |bKue Tarcis yang Nikmat
250 |a[Édition indonésien].
260 |a[Ottawa : |bAgriculture et Agroalimentaire Canada, |cc2011].
300 |a2 p. : |bphotographies.
500 |aTitre français fourni par l'éditeur.
500 |aPublié aussi en français sous le titre : Canneberge canadienne : trésor acidulé.
500 |aPublié aussi en japonais, coréen, espagnol, italien, et anglais.
520 |aLa canneberge est une plante indigène des provinces de l’Atlantique du Canada, où elle existe à l’état sauvage. Elle représente de nos jours une industrie très importante dans plusieurs provinces canadiennes. En fait, le Canada est le second producteur en importance de ce fruit rouge acidulé. ...
546 |aTexte en indonésien.
69207|2gccst|aIndustrie agro-alimentaire
693 4|aCanneberge
7101 |aCanada. |bAgriculture et agroalimentaire Canada.
77508|tCanneberge canadienne : |w(CaOODSP)9.639262
791 |t[Canadian cranberries |eeng|w(CaOODSP)9.822252
85640|qPDF|s362 Ko|uhttps://publications.gc.ca/collections/collection_2016/aac-aafc/A15-11516-2011-ind.pdf
986 |aAAFC No. 11516IND